Пътят на режисурата (Запис номер 88440)
[ съкратено ]
| 000 -Лидер | |
|---|---|
| Контролно поле с фиксирана дължина | 01687nam a2200397 c 4500 |
| 003 - Код на организацията, давaща контролен номер | |
| Контролно поле | BLK |
| 005 - Дата и час на последна редакция | |
| Контролно поле | 20180420225118.0 |
| 008 - Елементи от данни с фиксирана дължина | |
| fixed length control field | 180408b bul|||||r ||||||| ||bul|| |
| 010 ## - Наследен системен номер | |
| LC control number | KNG00093104000 |
| 020 ## - Международен стандартен номер на книга ISBN | |
| Международен стандартен номер на книга ISBN | 978-954-9928-56-3 |
| -- | издат.: Валентин Траянов |
| 040 ## - Източник на каталожния запис | |
| Идентификатор на билиотеката - собственик на записа | BLK |
| 041 ## - Код за език | |
| Код за езика на текст/звукозапис или на отделно заглавие | Български |
| Код за езика КДБФ | Български |
| 072 #7 - Код за тематичната категория | |
| Код организация | bullib |
| Код за тематична категория | Н70 |
| Текст | Изкуства Н |
| 080 ## - УДК | |
| Текстов определител УДК | Драматични театри. Театри за драма и комедия. Вж и 82-2 |
| УДК код - определител по УДК | 792.2 |
| УДК определител | (497.2) |
| УДК - код + определител | 792.2(497.2) |
| 100 1# - Редна дума - Автор | |
| Автор | Стефанов, Васил |
| Авторска отговорност | първи автор |
| Автор - информация (биография) | Димчев, Васил Стефанов |
| R(LIN) | 269578 |
| 139 ## - Редно поле | |
| Редна дума | Стефанов, Васил |
| Авторски знак | Сте - С 75 |
| 245 10 - Сведения за заглавието | |
| Заглавие | Пътят на режисурата |
| Редно поле (дума) | Васил Стефанов; * Васил Стефанов Димчев. |
| 257 ## - Страна на издаване | |
| Страна на създаване/издаване | България |
| 260 ## - Област на издателските данни | |
| -- | София |
| Име на издателя, разпространителя и проч. | Валентин Траянов |
| Година на издаване | 2011 |
| Печатница | София : Аси Принт |
| 300 ## - Физическа характеристика | |
| Страници | 408 с. |
| Размери/Мащаб | 24 см |
| 380 ## - Жанр | |
| Жанр | Изкуство |
| 500 ## - Общи забележки | |
| Забележка | Пълното име на авт. Васил Стефанов Димчев. - Библиогр. под линия. - Азб. показалец. |
| 650 #4 - Допълнително описание по предмет – тема | |
| Основно описание – тема или топоним | Режисура - техника и майсторство |
| 9 (RLIN) | 293002 |
| 650 #4 - Допълнително описание по предмет – тема | |
| Основно описание – тема или топоним | Театър - България |
| 9 (RLIN) | 267405 |
| 651 #4 - Допълнително описание по предмет - топоним | |
| Географско понятие | България |
| 9 (RLIN) | 241624 |
| 653 ## - Ключова дума – ненормативна | |
| Ключова дума | режисура |
| 653 ## - Ключова дума – ненормативна | |
| Ключова дума | театрална режисура |
| 653 ## - Ключова дума – ненормативна | |
| Ключова дума | театър |
| 659 ## - Тематичен бюлетин | |
| Тематичен бюлетин | Н |
| 700 1# - Други автори (авторска отговорност) | |
| Лично име | Димчев, Васил Стефанов |
| Автороска отговорност (Описва отношението между автора и произведението) | * |
| 9 (RLIN) | 303167 |
| 852 ## - Местоположение | |
| Форматна сигнатура | Цб 254686 |
| 856 4# - Електронен адрес и достъп | |
| Електронен формат | pdf - файл |
| Път до файла /url/ | |
| 856 4# - Електронен адрес и достъп | |
| Електронен формат | pdf - файл |
| Път до файла /url/ | |
| 942 ## - АРТИКУЛИ | |
| Вид на библиотечния материал | Книги |
| Скрит в OPAC | Не |
| 944 ## - СЪЗДАВАНЕ И РЕДАКЦИЯ на ЗАПИСА | |
| Създаване/Редакция | Създаване |
| Дата на регистрацията/редакция | 26.03.2012 |
| Статус, дата на статуса | ф / |
| Служител, извършил регистрацията/редакцията | Пенка_Димитрова |
| 944 ## - СЪЗДАВАНЕ И РЕДАКЦИЯ на ЗАПИСА | |
| Създаване/Редакция | Редакция |
| Дата на регистрацията/редакция | 17.04.2015 |
| Статус, дата на статуса | ф / |
| Служител, извършил регистрацията/редакцията | Людмила_Стоянова |
| 999 ## - СИСТЕМНИ КОНТРОЛНИ НОМЕРА | |
| Koha biblionumber | 88440 |
| Koha biblioitemnumber | 88440 |
| Код за отписване | Код за изгубен артикул | Източник на класификационната схема | Код за повреда | Коз за рестрикции | Код за отдаване | Артикулен № | Име на библиотеката - собственик | Име на библиотеката, в която се намира в момента | Статус (Текущо местоположение) | Дата на вписване в системата | Местоположение - отдел | Цена в лева | Инвентарен номер | Систематично азбучна сигнатура | Баркод | Номер на екземпляра | Цена в евро | Служебна бележка | Служебен тип на артикула |
|---|---|---|---|---|---|---|---|---|---|---|---|---|---|---|---|---|---|---|---|
| Не е изгубен | Universal Decimal Classification | Не е повреден | без рестрикции | заемане за дома | 143411 | Регионална библиотека "Любен Каравелов" Русе | Регионална библиотека "Любен Каравелов" Русе | Отдел Изкуство - подръчен фонд | 2012-03-26 | Отдел Изкуство - подръчен фонд | 15.00 | 120000756700 | 792(497.2)/С 75 | 120000756700 | 1 | 7.67 | Дост: DA Вид: А N: 5 Дата: 23.03.2012 Дата инв: 05.04.2017 Бележки инв: ИП2017 | Книги | |
| Не е изгубен | Universal Decimal Classification | Не е повреден | без рестрикции | заемане за дома | 143412 | Регионална библиотека "Любен Каравелов" Русе | Регионална библиотека "Любен Каравелов" Русе | Отдел Изкуство - подръчен фонд | 2012-03-26 | Отдел Изкуство - подръчен фонд | 15.00 | 120000756701 | 792(497.2)/С 75 | 120000756701 | 2 | 7.67 | Дост: DA Вид: А N: 5 Дата: 23.03.2012 Дата инв: 05.04.2017 Бележки инв: ИП2017 | Книги | |
| Не е изгубен | Universal Decimal Classification | Не е повреден | без рестрикции | заемане за дома | 143413 | Регионална библиотека "Любен Каравелов" Русе | Регионална библиотека "Любен Каравелов" Русе | Отдел Изкуство - подръчен фонд | 2012-03-26 | Отдел Изкуство - подръчен фонд | 15.00 | 120000756702 | 792(497.2)/С 75 | 120000756702 | 3 | 7.67 | Дост: DA Вид: А N: 5 Дата: 23.03.2012 Бележки инв: * | Книги | |
| Не е изгубен | Universal Decimal Classification | Не е повреден | само за читалня | ползва се в читалня | 143414 | Регионална библиотека "Любен Каравелов" Русе | Регионална библиотека "Любен Каравелов" Русе | Хранилище | 2013-08-08 | Хранилище | 15.00 | 120000768712 | Цб 254686 | 120000768712 | 4 | 7.67 | Дост: Dp Вид: Д N: 18 Дата: 02.05.2012 | Книги | |
| Не е изгубен | Universal Decimal Classification | Не е повреден | без рестрикции | заемане за дома | 143415 | Регионална библиотека "Любен Каравелов" Русе | Регионална библиотека "Любен Каравелов" Русе | Отдел Изкуство - подръчен фонд | 2014-01-17 | Отдел Изкуство - подръчен фонд | 15.00 | 120000773487 | 792(497.2)/С 75 | 120000773487 | 5 | 7.67 | Дост: DA Вид: А N: 2 Дата: 17.01.2014 Дата инв: 05.04.2017 Бележки инв: ИП2017 | Книги |